000 00442nam a2200169 a 4500
001 4005
003 CO-ViMGA
008 141112s2004 ck r 000 u spa d
040 _aCO-ViMGA
_bspa
_cCO-ViMGA
082 0 4 _a153.1 H431
100 1 _aHigbee, Kenneth L
_954319
245 1 0 _aSu memoria :
_bcómo dominarla para recordar todo
260 _aBarcelona :
_bPaidós,
_c1991
300 _a324 p
650 1 4 _aMEMORIA
_91063
942 _2ddc
_cBK
999 _c16023
_d16023